000 00558nam a2200205Ia 4500
003 OSt
005 20260225145415.0
008 210210b1959 xxu||||| |||| 00| 0 eng d
040 _cAL
041 _aHindi
082 _a861/219
100 _aVARMA (Mahadevi)
_d वर्मा (महादेवी)
_9256711
245 _aSandhya geeth
_b संध्या गीत
260 _aIllAhAbAd
_bBharati Bhandar
_c1959
650 _aSandhya
_9256712
650 _ageeth
_9256713
690 _aHindi Poetry
_9256714
906 _a023239
942 _2ddc
_cBK
999 _c148169
_d148169